书目信息 |
| 题名: |
多媒体CAI课件制作教程
|
|
| 作者: | 刘若慧 , 冯建平 , 吴丽华 编著 | |
| 分册: | ||
| 出版信息: | 北京 人民邮电出版社 2008.10 |
|
| 页数: | 256页 | |
| 开本: | 28cm | |
| 丛书名: | ||
| 单 册: | ||
| 中图分类: | G434 | |
| 科图分类: | ||
| 主题词: | 电化教学 , 电化教育 | |
| 电子资源: | ||
| ISBN: | 7-115-18823-8 | |
| 000 | 00742nam0 2200229 450 | |
| 001 | 1058744423 | |
| 005 | 20201030080527.96 | |
| 010 | @a7-115-18823-8@dCNY28.00 | |
| 100 | @a20100609d2008 km y0chiy0120 ea | |
| 101 | 0 | @achi |
| 102 | @aCN@b110000 | |
| 200 | 1 | @a多媒体CAI课件制作教程@Aduo mei ti CAI ke jian zhi zuo jiao cheng@f冯建平,吴丽华,刘若慧编著@Ffeng jian ping,wu li hua,liu ruo hui bian zhu |
| 210 | @a北京@c人民邮电出版社@d2008.10 | |
| 215 | @a256页@d28cm | |
| 606 | 0 | @a电化教学 |
| 606 | 0 | @a电化教育 |
| 690 | @aG434@v4 | |
| 701 | 0 | @a刘若慧@Aliu ruo hui@4编著 |
| 701 | 0 | @a冯建平@Afeng jian ping@4编著 |
| 701 | 0 | @a吴丽华@Awu li hua@4编著 |
| 801 | 0 | @aCN@b大连网信软件有限公司图书馆·11@c20130506 |
| 905 | @aZUCC@dG434@eF470 | |
| 多媒体CAI课件制作教程/冯建平,吴丽华,刘若慧编著.-北京:人民邮电出版社,2008.10 |
| 256页;28cm |
| ISBN 7-115-18823-8:CNY28.00 |
| ● |
| 相关链接 |
|
|
|
正题名:多媒体CAI课件制作教程
索取号:G434/F470
 
预约/预借
| 序号 | 登录号 | 条形码 | 馆藏地/架位号 | 状态 | 备注 |
| 1 | 1301667 | 213016671 | 社科库409/409社科库 2排4列4层/ [索取号:G434/F470] | 在馆 | |
| 2 | 1500559 | 215005599 | 社科库409/409社科库 2排4列4层/ [索取号:G434/F470] | 在馆 | |
| 3 | 1500560 | 215005606 | 社科库409/409社科库 2排4列4层/ [索取号:G434/F470] | 在馆 | |
| 4 | 1500561 | 215005615 | 社科库409/409社科库 2排4列4层/ [索取号:G434/F470] | 在馆 | |
| 5 | 463039 | 204630391 | 社科库409/400B社科库 1排3列4层/ [索取号:G434/F470] | 在馆 | |
| 6 | 463040 | 204630408 | 社科库409/409社科库 2排4列4层/ [索取号:G434/F470] | 在馆 | |
| 7 | 463041 | 204630417 | 社科库409/400B社科库 2排2列1层/ [索取号:G434/F470] | 在馆 | |
| 8 | 463042 | 204630426 | 社科库409/400B社科库 2排2列1层/ [索取号:G434/F470] | 在馆 | |
| 9 | 464919 | 204649194 | 社科二线422/422社科库 32排1列5层/ [索取号:G434/F470] | 在馆 | |
| 10 | 470290 | 204702900 | 社科二线422/422社科库 33排4列5层/ [索取号:G434/F470] | 在馆 | |
| 11 | 475075 | 204750750 | 社科二线422/422社科库 33排4列5层/ [索取号:G434/F470] | 在馆 | |
| 12 | 475076 | 204750769 | 社科库409/422社科库 33排2列1层/ [索取号:G434/F470] | 在馆 | |
| 13 | 475077 | 204750778 | 社科库409/422社科库 33排2列1层/ [索取号:G434/F470] | 在馆 | |
| 14 | 475078 | 204750787 | 社科库409/409社科库 2排4列4层/ [索取号:G434/F470] | 在馆 | |
| 15 | 475079 | 204750796 | 社科库409/422社科库 33排1列1层/ [索取号:G434/F470] | 在馆 | |
| 16 | 475080 | 204750803 | 社科库409/422社科库 33排1列1层/ [索取号:G434/F470] | 在馆 | |
| 17 | 475081 | 204750812 | 社科库409/422社科库 33排1列1层/ [索取号:G434/F470] | 在馆 | |
| 18 | 475082 | 204750821 | 社科库409/422社科库 33排1列1层/ [索取号:G434/F470] | 在馆 | |
| 19 | 475083 | 204750830 | 社科二线422/422社科库 33排4列5层/ [索取号:G434/F470] | 在馆 | |
| 20 | 475482 | 204754827 | 社科库409/400B社科库 2排2列1层/ [索取号:G434/F470] | 在馆 | |
| 21 | 476915 | 204769152 | 社科二线422/422社科库 32排1列5层/ [索取号:G434/F470] | 在馆 | |
| 22 | 476916 | 204769161 | 社科二线422/422社科库 32排1列5层/ [索取号:G434/F470] | 在馆 | |
| 23 | 476917 | 204769170 | 社科库409/409社科库 2排4列4层/ [索取号:G434/F470] | 在馆 | |
| 24 | 476918 | 204769189 | 社科二线422/422社科库 32排1列5层/ [索取号:G434/F470] | 在馆 | |
| 25 | 476919 | 204769198 | 社科库409/409社科库 2排4列4层/ [索取号:G434/F470] | 在馆 | |
| 26 | 476985 | 204769857 | 社科库409/409社科库 2排4列4层/ [索取号:G434/F470] | 在馆 | |
| 27 | 489871 | 204898717 | 社科库409/422社科库 22排2列2层/ [索取号:G434/F470] | 在馆 | |
| 28 | 489872 | 204898726 | 社科库409/422社科库 22排2列2层/ [索取号:G434/F470] | 在馆 | |
| 29 | 489873 | 204898735 | 社科库409/422社科库 22排2列2层/ [索取号:G434/F470] | 在馆 | |
| 30 | 489874 | 204898744 | 社科库409/422社科库 22排2列2层/ [索取号:G434/F470] | 在馆 | |
| 31 | 489875 | 204898753 | 社科库409/504自科库 20排2列4层/ [索取号:G434/F470] | 在馆 |